Кремнийорганические соединения и материалы на их основе: Труды V совещания по химии и практическому применению кремнийорганических соединений. Ленинград 16-18 декабря 1981 года

Библиографические подробности
Корпоративные авторы: Академия наук СССР (АН СССР) Институт химии силикатов им. И. В. Гребенщикова (ИХС), Совещание по химии и практическому применению кремнийорганических соединений
Другие авторы: Рейхсфельд В. О. (редактор)
Язык:русский
Опубликовано: Ленинград, Наука, 1984
Предметы:
Формат: Книга
Запись в KOHA:https://koha.lib.tpu.ru/cgi-bin/koha/opac-detail.pl?biblionumber=68252

MARC

LEADER 00000nam0a2200000 4500
001 68252
005 20231101212355.0
035 |a (RuTPU)RU\TPU\book\72670 
090 |a 68252 
100 |a 20041004d1984 k y0rusy50 ca 
101 0 |a rus 
102 |a RU 
105 |a a z 001zy 
200 1 |a Кремнийорганические соединения и материалы на их основе  |e Труды V совещания по химии и практическому применению кремнийорганических соединений. Ленинград 16-18 декабря 1981 года  |f Академия Наук СССР; Институт химии силикатов им. И. В. Гребенщикова; Под ред. В. О. Рейхсфельда 
210 |a Ленинград  |c Наука  |d 1984 
215 |a 195 с.  |c ил. 
320 |a Библиография в конце статей 
606 1 |a Кремнийорганические соединения  |x Химия  |2 stltpush  |3 (RuTPU)RU\TPU\subj\75843  |9 87413 
610 1 |a материалы 
610 1 |a синтез 
610 1 |a свойства 
610 1 |a полимеры 
610 1 |a применение 
610 1 |a труды 
675 |a 547.1'128(063)  |v 3 
702 1 |a Рейхсфельд  |b В. О.  |4 340 
712 0 2 |a Академия наук СССР (АН СССР)  |b Институт химии силикатов им. И. В. Гребенщикова (ИХС)  |c (Ленинград)  |2 stltpush  |3 (RuTPU)RU\TPU\col\11534 
712 1 2 |a Совещание по химии и практическому применению кремнийорганических соединений  |d 5  |e Ленинград  |f 1985 
801 1 |a RU  |b 63413507  |c 20041004  |g PSBO 
801 2 |a RU  |b 63413507  |c 20161222  |g PSBO 
942 |c BK